000 00623nam a2200193 a 4500
001 2007999
003 AM-YEHGA
005 20250617165016.0
008 250212s1933 ru |||||||||||||||0|rus|d
040 _aAM-YeHGA
041 0 _arus
100 1 _aБогородицкий, Василий Алексеевич
245 1 0 _aЭтюды по татарскому и тюркскому языкознанию /
_cВ.А. Богородицкий.
260 _aКазань :
_bТатиздат,
_c1933.
300 _aXI, 156 с., 1 вкл. л.
650 1 4 _aЯзыкознание
942 _2udc
_cBK
090 _c572133
999 _c533154
_d533154